MARC

LEADER 00000nam0a2200000 4500
001 60531
005 20231031061551.0
035 |a (RuTPU)RU\TPU\book\64016 
090 |a 60531 
100 |a 20040210d1962 m y0rusy50 ca 
101 0 |a rus 
102 |a RU 
105 |a a j 001zy 
200 1 |a Авиационные электрические аппараты и механизмы  |e учебник для техникумов  |f Д. Н. Сапиро 
210 |a Москва  |c Оборонгиз  |d 1962 
215 |a 360 с.  |c ил. 
320 |a Библиогр.: с. 357. 
610 1 |a авиация 
610 1 |a электрические механизмы 
610 1 |a теоретические основы 
610 1 |a двигатели авиационные 
610 1 |a авиационное электрооборудование 
610 1 |a электрические аппараты 
610 1 |a сетевые аппараты 
610 1 |a коммутационные аппараты 
610 1 |a электромагнитные устройства 
610 1 |a питание 
610 1 |a автоматическое управление 
610 1 |a коробки передач 
610 1 |a электроприводы 
610 1 |a учебники 
610 1 |a электропитание 
610 1 |a источники 
675 |a 629.135(075.32)  |v 3 
700 1 |a Сапиро  |b Д. Н.  |g Давид Нафтальевич 
801 1 |a RU  |b 63413507  |c 20040210  |g PSBO 
801 2 |a RU  |b 63413507  |c 20160812  |g PSBO 
942 |c BK